[Event "Midland Ch Forrest Cup"]
[Site "Derby"]
[Date "1990.03.23"]
[Round "1"]
[White "Archer, Paul R"]
[Black "Ledger, Dave J"]
[Result "0-1"]
[WhiteElo "1776"]
[BlackElo "2064"]
[PlyCount "82"]
[EventDate "1990.03.23"]
[EventType "swiss"]
[EventRounds "6"]
[EventCountry "ENG"]
[SourceTitle "BritBase"]
[Source "John Saunders"]
[SourceDate "2022.11.28"]
[SourceVersion "1"]
[SourceVersionDate "2022.08.23"]
[SourceQuality "1"]

1. Nf3 Nf6 2. g3 g6 3. Bg2 Bg7 4. O-O O-O 5. c4 d6 6. Nc3 Nc6 7. d3 e5 8. Rb1
a5 9. a3 h6 10. b4 axb4 11. axb4 Bg4 12. b5 Nd4 13. e3 Nxf3+ 14. Bxf3 Bh3 15.
Bxb7 Bxf1 16. Bxa8 Bxd3 17. Qxd3 Qxa8 18. Nd5 e4 19. Nxf6+ Bxf6 20. Qd5 Qxd5
21. cxd5 Ra8 22. Bd2 Ra2 23. Bb4 Be5 24. Rc1 Rb2 25. Rc4 f5 26. h4 Kf8 27. Kf1
Ke8 28. Kg2 Kd8 29. Kf1 Ra2 30. Be1 Ra1 31. Ke2 Rb1 32. Bb4 Bf6 33. Kd2 Rb2+
34. Kd1 Be5 35. Kc1 Rxf2 36. Ba5 Rb2 37. Bxc7+ Kd7 38. b6 Rb5 39. Ra4 Rxd5 40.
Ra7 Rc5+ 41. Kd1 Bxg3 0-1

[Event "Midland Ch Forrest Cup"]
[Site "Derby"]
[Date "1990.03.23"]
[Round "1"]
[White "Bryce, Andrew"]
[Black "Gilmore, Simon N"]
[Result "1-0"]
[WhiteElo "2176"]
[BlackElo "1944"]
[PlyCount "75"]
[EventDate "1990.03.23"]
[EventType "swiss"]
[EventRounds "6"]
[EventCountry "ENG"]
[SourceTitle "BritBase"]
[Source "John Saunders"]
[SourceDate "2022.11.28"]
[SourceVersion "1"]
[SourceVersionDate "2022.08.23"]
[SourceQuality "1"]

1. d4 Nf6 2. Bg5 d5 3. Nf3 g6 4. e3 Bg7 5. Bd3 O-O 6. Nbd2 c5 7. c3 b6 8. O-O
Ba6 9. Bxa6 Nxa6 10. Qe2 Nc7 11. Rfd1 cxd4 12. exd4 Ne6 13. Re1 Nxg5 14. Nxg5
e6 15. Ndf3 Qc7 16. Ne5 Rae8 17. Qb5 Bh6 18. h4 Bxg5 19. hxg5 Ne4 20. Ng4 Rc8
21. Rxe4 dxe4 22. Nf6+ Kg7 23. Re1 h6 24. Rxe4 hxg5 25. Qxg5 Rh8 26. Ng4 Rh5
27. Qf6+ Kh7 28. Ne5 Rf8 29. Rf4 Qd8 30. Qxd8 Rxd8 31. Rxf7+ Kg8 32. Rf6 Rxe5
33. dxe5 Rd2 34. Rxg6+ Kf7 35. Rf6+ Ke7 36. Rh6 Rxb2 37. Rh7+ Kf8 38. Rxa7 1-0

[Event "Midland Ch Forrest Cup"]
[Site "Derby"]
[Date "1990.03.23"]
[Round "1"]
[White "Calderwood, Stephen I"]
[Black "Hebden, Mark L"]
[Result "0-1"]
[WhiteElo "1912"]
[BlackElo "2472"]
[PlyCount "54"]
[EventDate "1990.03.23"]
[EventType "swiss"]
[EventRounds "6"]
[EventCountry "ENG"]
[SourceTitle "BritBase"]
[Source "John Saunders"]
[SourceDate "2022.11.28"]
[SourceVersion "1"]
[SourceVersionDate "2022.08.23"]
[SourceQuality "1"]

1. d4 Nf6 2. c4 g6 3. Nc3 Bg7 4. e4 d6 5. f3 a6 6. Be3 Nc6 7. Qd2 O-O 8. Nge2
Rb8 9. Nc1 e5 10. d5 Nd4 11. Bd3 c5 12. O-O Bd7 13. N1e2 b5 14. b3 Nh5 15. Rac1
f5 16. exf5 gxf5 17. f4 b4 18. Nd1 Nxe2+ 19. Bxe2 Nxf4 20. Bxf4 exf4 21. Qxf4
Be5 22. Qf3 Qh4 23. g3 Qg5 24. Nf2 f4 25. Ne4 Qg6 26. g4 Rbe8 27. Nf2 Bd4 0-1

[Event "Midland Ch Forrest Cup"]
[Site "Derby"]
[Date "1990.03.23"]
[Round "1"]
[White "Hutchinson, Paul A"]
[Black "Joseph, Stephen Mario"]
[Result "1-0"]
[WhiteElo "2200"]
[BlackElo "1872"]
[PlyCount "111"]
[EventDate "1990.03.23"]
[EventType "swiss"]
[EventRounds "6"]
[EventCountry "ENG"]
[SourceTitle "BritBase"]
[Source "John Saunders"]
[SourceDate "2022.11.28"]
[SourceVersion "1"]
[SourceVersionDate "2022.08.23"]
[SourceQuality "1"]

1. Nf3 Nf6 2. g3 g6 3. Bg2 Bg7 4. b3 O-O 5. Bb2 d6 6. d4 Nbd7 7. c4 c5 8. Nc3
a6 9. O-O Rb8 10. a4 Ne8 11. e4 Nc7 12. Re1 b5 13. cxb5 axb5 14. e5 bxa4 15.
exd6 exd6 16. Nxa4 Ne6 17. d5 Nc7 18. Bxg7 Kxg7 19. Nc3 Bb7 20. Qd3 Nb6 21. Nd2
Ra8 22. Rxa8 Qxa8 23. Nc4 Ba6 24. Ne4 Nbxd5 25. Nexd6 Qd8 26. Qd2 Bxc4 27. Nxc4
Nf6 28. Qc2 Ne6 29. Ne5 Qa5 30. Rc1 Nd4 31. Qxc5 Qd2 32. Rf1 Nxb3 33. Qe3 Qxe3
34. fxe3 Nc5 35. Bc6 Ng8 36. g4 f6 37. Nc4 Ne7 38. Bf3 Rd8 39. Ra1 Rd7 40. h4
Nb3 41. Ra2 Rc7 42. Nd6 Rc1+ 43. Kf2 Nc5 44. Ra7 Kf8 45. Ra8+ Kg7 46. Re8 Nc6
47. Bd5 Ne5 48. g5 fxg5 49. hxg5 Ncd3+ 50. Ke2 h5 51. Rg8+ Kh7 52. Ne8 Ng4 53.
Rg7+ Kh8 54. Kxd3 Rd1+ 55. Ke4 Nxe3 56. Rg8+ 1-0

[Event "Midland Ch Forrest Cup"]
[Site "Derby"]
[Date "1990.03.23"]
[Round "1"]
[White "Lambert, Michael"]
[Black "Naylor, John"]
[Result "0-1"]
[WhiteElo "2000"]
[BlackElo "1968"]
[PlyCount "64"]
[EventDate "1990.03.23"]
[EventType "swiss"]
[EventRounds "6"]
[EventCountry "ENG"]
[SourceTitle "BritBase"]
[Source "John Saunders"]
[SourceDate "2022.11.28"]
[SourceVersion "1"]
[SourceVersionDate "2022.08.23"]
[SourceQuality "1"]

1. g3 g6 2. Bg2 Bg7 3. Nf3 d6 4. d4 Nf6 5. O-O O-O 6. c4 c6 7. Nc3 Bf5 8. Re1
Ne4 9. Nh4 Nxc3 10. bxc3 Be6 11. Qd3 Qa5 12. e4 Nd7 13. Bd2 Qa4 14. f4 Bxc4 15.
Qe3 e5 16. f5 Ba6 17. g4 exd4 18. Qg3 Qc2 19. Bf4 Qxc3 20. Bxd6 Qxg3 21. hxg3
Rfe8 22. Nf3 Ne5 23. g5 Nxf3+ 24. Bxf3 Be5 25. Bxe5 Rxe5 26. g4 c5 27. Red1 b6
28. Kf2 Bb7 29. Re1 Rae8 30. Kg3 gxf5 31. gxf5 Bxe4 32. Bg4 Bc2 0-1

[Event "Midland Ch Forrest Cup"]
[Site "Derby"]
[Date "1990.03.23"]
[Round "1"]
[White "Lawton, Geoffrey W"]
[Black "Cooper, David M"]
[Result "1-0"]
[WhiteElo "2440"]
[BlackElo "1976"]
[PlyCount "57"]
[EventDate "1990.03.23"]
[EventType "swiss"]
[EventRounds "6"]
[EventCountry "ENG"]
[SourceTitle "BritBase"]
[Source "John Saunders"]
[SourceDate "2022.11.28"]
[SourceVersion "1"]
[SourceVersionDate "2022.08.23"]
[SourceQuality "1"]

1. c4 e5 2. Nc3 Nc6 3. g3 g6 4. Bg2 Bg7 5. e3 Nge7 6. Nge2 O-O 7. O-O d6 8. d4
exd4 9. exd4 Nf5 10. d5 Ne5 11. b3 b6 12. Rb1 Bb7 13. Qc2 a5 14. Rd1 h5 15. Ne4
Qd7 16. Bg5 f6 17. Bc1 Qf7 18. Nf4 Bc8 19. Ne6 Re8 20. Nxg7 Kxg7 21. Bb2 Kg8
22. Re1 Ng7 23. f4 Nd7 24. Qc3 Bb7 25. Bh3 Rxe4 26. Rxe4 Nc5 27. Re2 f5 28.
Rbe1 Ne4 29. Rxe4 1-0

[Event "Midland Ch Forrest Cup"]
[Site "Derby"]
[Date "1990.03.23"]
[Round "1"]
[White "Robinson, John K"]
[Black "Madden, Paul"]
[Result "0-1"]
[WhiteElo "1928"]
[BlackElo "2152"]
[PlyCount "78"]
[EventDate "1990.03.23"]
[EventType "swiss"]
[EventRounds "6"]
[EventCountry "ENG"]
[SourceTitle "BritBase"]
[Source "John Saunders"]
[SourceDate "2022.11.28"]
[SourceVersion "1"]
[SourceVersionDate "2022.08.23"]
[SourceQuality "1"]

1. d4 Nf6 2. c4 g6 3. Nc3 d5 4. cxd5 Nxd5 5. e4 Nxc3 6. bxc3 Bg7 7. Bc4 c5 8.
Be3 Nc6 9. Ne2 O-O 10. O-O cxd4 11. cxd4 Na5 12. Bd3 Bg4 13. Rc1 a6 14. f3 Bd7
15. Qd2 Bb5 16. Rc5 Bxd3 17. Qxd3 b5 18. Bf2 Nc4 19. d5 Rc8 20. Rxc8 Qxc8 21.
Nd4 Ne5 22. Qc2 Qxc2 23. Nxc2 Rc8 24. Nd4 Rc4 25. Rd1 Kf8 26. Nc6 Nxc6 27. dxc6
f5 28. Bh4 Rxc6 29. exf5 gxf5 30. Rd5 Rc1+ 31. Kf2 Rc2+ 32. Kg3 Rxa2 33. Rxf5+
Ke8 34. Rh5 h6 35. Rc5 b4 36. Rc4 b3 37. Re4 b2 38. Rxe7+ Kf8 39. Rb7 Ra1 0-1

[Event "Midland Ch Forrest Cup"]
[Site "Derby"]
[Date "1990.03.23"]
[Round "1"]
[White "Smith, Graham M"]
[Black "Smith, Alan A"]
[Result "1-0"]
[WhiteElo "1968"]
[BlackElo "2248"]
[PlyCount "81"]
[EventDate "1990.03.23"]
[EventType "swiss"]
[EventRounds "6"]
[EventCountry "ENG"]
[SourceTitle "BritBase"]
[Source "John Saunders"]
[SourceDate "2022.11.28"]
[SourceVersion "1"]
[SourceVersionDate "2022.08.23"]
[SourceQuality "1"]

1. e4 Nf6 2. e5 Nd5 3. d4 d6 4. Nf3 g6 5. Bc4 c6 6. O-O dxe5 7. Nxe5 Bg7 8. Bb3
O-O 9. c4 Nb6 10. Bf4 Be6 11. c5 Nd5 12. Bg3 Nd7 13. Re1 Nxe5 14. Bxe5 Bxe5 15.
Rxe5 Qa5 16. Nc3 Nc7 17. Qe1 Rad8 18. Rd1 Bxb3 19. axb3 Ne6 20. Ra1 Qb4 21.
Rxe6 fxe6 22. Qxe6+ Rf7 23. Ra4 a5 24. Rxb4 axb4 25. Ne4 Rxd4 26. h4 Kf8 27.
Ng5 Rd1+ 28. Kh2 Rxf2 29. Nxh7+ Kg7 30. Qxe7+ Rf7 31. Qe2 Rd5 32. Ng5 Rfd7 33.
Ne6+ Kf6 34. Nf4 Re5 35. Qg4 Rg7 36. h5 g5 37. Nd3 Rf5 38. Qd4+ Kf7 39. Qd7+
Kf6 40. Qd6+ Kf7 41. Ne5+ 1-0

[Event "Midland Ch Forrest Cup"]
[Site "Derby"]
[Date "1990.03.23"]
[Round "1"]
[White "Tait, Jonathan A"]
[Black "Burke, Steven J"]
[Result "0-1"]
[WhiteElo "2056"]
[BlackElo "1856"]
[PlyCount "78"]
[EventDate "1990.03.23"]
[EventType "swiss"]
[EventRounds "6"]
[EventCountry "ENG"]
[SourceTitle "BritBase"]
[Source "John Saunders"]
[SourceDate "2022.11.28"]
[SourceVersion "1"]
[SourceVersionDate "2022.08.23"]
[SourceQuality "1"]

1. f4 g6 2. e4 Bg7 3. Nc3 d6 4. d4 Nd7 5. Be3 e6 6. Nf3 Ne7 7. Bd3 b6 8. O-O
Bb7 9. Qe2 O-O 10. g4 a6 11. Rae1 c5 12. Qf2 cxd4 13. Bxd4 Bxd4 14. Qxd4 Qc7
15. f5 Qc5 16. Rf2 Ne5 17. Qxc5 Nxf3+ 18. Rxf3 bxc5 19. f6 Nc6 20. g5 c4 21.
Bf1 Ne5 22. Rf4 h6 23. h4 h5 24. Rd1 Rfd8 25. Rd4 Rac8 26. Rf2 Rc5 27. Bg2 Rc6
28. Rfd2 Rb6 29. Na4 Rc6 30. Nc3 Rb6 31. b3 cxb3 32. axb3 Rc6 33. Na4 a5 34. c4
Ba6 35. c5 Bb5 36. Nc3 Rxc5 37. Rxd6 Rxd6 38. Rxd6 Rxc3 39. Rd8+ Kh7 0-1

[Event "Midland Ch Forrest Cup"]
[Site "Derby"]
[Date "1990.03.24"]
[Round "2"]
[White "Armstrong, William G"]
[Black "Greenwood, Mark N"]
[Result "1-0"]
[WhiteElo "1888"]
[BlackElo "1616"]
[PlyCount "73"]
[EventDate "1990.03.23"]
[EventType "swiss"]
[EventRounds "6"]
[EventCountry "ENG"]
[SourceTitle "BritBase"]
[Source "John Saunders"]
[SourceDate "2022.11.28"]
[SourceVersion "1"]
[SourceVersionDate "2022.08.23"]
[SourceQuality "1"]

1. d4 Nf6 2. Nc3 e6 3. e4 d5 4. Bd3 Bb4 5. e5 Nfd7 6. a3 Bxc3+ 7. bxc3 c5 8.
Qg4 Kf8 9. Nf3 Qc7 10. O-O f5 11. Qh4 c4 12. Be2 Nc6 13. a4 Kg8 14. Ng5 Nf8 15.
Ba3 Ng6 16. Qg3 Nd8 17. Bh5 Nf7 18. Nxh7 Rxh7 19. Bxg6 Rh8 20. Rfe1 Bd7 21.
Bxf5 exf5 22. e6 Qxg3 23. exf7+ Kxf7 24. Re7+ Kf6 25. hxg3 Bc6 26. Rae1 Kg6 27.
R1e6+ Kh7 28. a5 a6 29. Bd6 Rae8 30. Be5 Rxe7 31. Rxe7 Rg8 32. f3 Kh6 33. Kf2
g6 34. f4 Rd8 35. Bf6 Rd7 36. Bg5+ Kh5 37. Re1 1-0

[Event "Midland Ch Forrest Cup"]
[Site "Derby"]
[Date "1990.03.24"]
[Round "2"]
[White "Burke, Steven J"]
[Black "Bryce, Andrew"]
[Result "0-1"]
[WhiteElo "1856"]
[BlackElo "2176"]
[PlyCount "54"]
[EventDate "1990.03.23"]
[EventType "swiss"]
[EventRounds "6"]
[EventCountry "ENG"]
[SourceTitle "BritBase"]
[Source "John Saunders"]
[SourceDate "2022.11.28"]
[SourceVersion "1"]
[SourceVersionDate "2022.08.23"]
[SourceQuality "1"]

1. f4 d5 2. b3 Nf6 3. Bb2 e6 4. Nf3 Bd6 5. e3 c5 6. Be2 Nbd7 7. O-O Qc7 8. Na3
a6 9. c4 O-O 10. Rc1 d4 11. Bd3 e5 12. fxe5 Nxe5 13. Nxe5 Bxe5 14. h3 dxe3 15.
Bxe5 Qxe5 16. Qe2 Re8 17. Rce1 exd2 18. Qxe5 dxe1=Q 19. Rxe1 Rxe5 20. Rxe5 b6
21. Re7 Kf8 22. Rc7 Ne8 23. Rc6 Rb8 24. Bxh7 Bd7 25. Be4 Bxc6 26. Bxc6 Rd8 27.
Bxe8 Kxe8 0-1

[Event "Midland Ch Forrest Cup"]
[Site "Derby"]
[Date "1990.03.24"]
[Round "2"]
[White "Cooper, David M"]
[Black "Archer, Paul R"]
[Result "1-0"]
[WhiteElo "1976"]
[BlackElo "1776"]
[PlyCount "53"]
[EventDate "1990.03.23"]
[EventType "swiss"]
[EventRounds "6"]
[EventCountry "ENG"]
[SourceTitle "BritBase"]
[Source "John Saunders"]
[SourceDate "2022.11.28"]
[SourceVersion "1"]
[SourceVersionDate "2022.08.23"]
[SourceQuality "1"]

1. d4 Nc6 2. Nf3 g6 3. e4 d6 4. Nc3 Bg7 5. h3 e5 6. dxe5 Nxe5 7. Nxe5 Bxe5 8.
Be3 Be6 9. Be2 c6 10. O-O g5 11. Qd2 h6 12. Kh1 Qd7 13. Bd4 Bxh3 14. Qe3 Be6
15. Rad1 Bf4 16. Qf3 f6 17. g3 Be5 18. a4 h5 19. Bxe5 fxe5 20. Nb5 d5 21. Qe3
h4 22. Kg1 Qe7 23. exd5 Bxd5 24. c4 cxb5 25. cxd5 Nf6 26. d6 Qe6 27. Qxg5 {time
} 1-0

[Event "Midland Ch Forrest Cup"]
[Site "Derby"]
[Date "1990.03.24"]
[Round "2"]
[White "Cristinacce, David"]
[Black "Lambert, Michael"]
[Result "1-0"]
[WhiteElo "1808"]
[BlackElo "2000"]
[PlyCount "49"]
[EventDate "1990.03.23"]
[EventType "swiss"]
[EventRounds "6"]
[EventCountry "ENG"]
[SourceTitle "BritBase"]
[Source "John Saunders"]
[SourceDate "2022.11.28"]
[SourceVersion "1"]
[SourceVersionDate "2022.08.23"]
[SourceQuality "1"]

1. e4 c5 2. Nf3 e6 3. d4 cxd4 4. Nxd4 Nc6 5. Nc3 Nf6 6. Be3 a6 7. Bd3 Be7 8.
O-O d5 9. Nxc6 bxc6 10. e5 Nd7 11. f4 c5 12. Bf2 g6 13. b3 Qc7 14. Qe2 Bb7 15.
Rae1 Kf8 16. g4 Kg7 17. f5 Qxe5 18. Qxe5+ Nxe5 19. Rxe5 Bf6 20. Bg3 Bxe5 21.
Bxe5+ f6 22. fxe6 fxe5 23. Rf7+ Kh6 24. Rxb7 Rae8 25. e7 1-0

[Event "Midland Ch Forrest Cup"]
[Site "Derby"]
[Date "1990.03.24"]
[Round "2"]
[White "Hebden, Mark L"]
[Black "Birtwistle, Nigel"]
[Result "1-0"]
[WhiteElo "2472"]
[BlackElo "2136"]
[PlyCount "47"]
[EventDate "1990.03.23"]
[EventType "swiss"]
[EventRounds "6"]
[EventCountry "ENG"]
[SourceTitle "BritBase"]
[Source "John Saunders"]
[SourceDate "2022.11.28"]
[SourceVersion "1"]
[SourceVersionDate "2022.08.23"]
[SourceQuality "1"]

1. d4 Nf6 2. Nf3 c5 3. e3 g6 4. c4 Bg7 5. Nc3 cxd4 6. exd4 O-O 7. Be2 d5 8. O-O
dxc4 9. Bxc4 Nbd7 10. d5 Nb6 11. Bb3 Bg4 12. h3 Bd7 13. Qe2 Nc8 14. Re1 Re8 15.
Be3 Nd6 16. Rad1 b5 17. Ne5 a6 18. Qf3 b4 19. Na4 Rb8 20. g4 Bb5 21. Nc6 Bxc6
22. dxc6 h6 23. Nc5 Qc8 24. Nd7 1-0

[Event "Midland Ch Forrest Cup"]
[Site "Derby"]
[Date "1990.03.24"]
[Round "2"]
[White "Joseph, Stephen Mario"]
[Black "Tait, Jonathan A"]
[Result "1-0"]
[WhiteElo "1872"]
[BlackElo "2056"]
[PlyCount "85"]
[EventDate "1990.03.23"]
[EventType "swiss"]
[EventRounds "6"]
[EventCountry "ENG"]
[SourceTitle "BritBase"]
[Source "John Saunders"]
[SourceDate "2022.11.28"]
[SourceVersion "1"]
[SourceVersionDate "2022.08.23"]
[SourceQuality "1"]

1. c4 e5 2. b3 Nc6 3. Bb2 f5 4. g3 Nf6 5. Bg2 d6 6. e3 g6 7. Ne2 Bg7 8. d3 O-O
9. Qd2 Be6 10. d4 exd4 11. exd4 d5 12. O-O Bf7 13. Rd1 Re8 14. Na3 Qd7 15. Rac1
a5 16. Nb5 Nb4 17. a3 Na6 18. a4 c6 19. Na3 Nc7 20. Rc2 Ne4 21. Bxe4 fxe4 22.
Bc3 Ne6 23. Bxa5 Rxa5 24. Qxa5 Ng5 25. Nf4 Nf3+ 26. Kg2 g5 27. Ne2 Be6 28. Ng1
Nxg1 29. Kxg1 Bg4 30. Rdc1 Bf3 31. Qe1 Bxd4 32. Rd2 Bc5 33. Nc2 d4 34. b4 Bxb4
35. Nxb4 c5 36. Nd5 Re6 37. Rb2 Rh6 38. Qa5 Qh3 39. Qd8+ Kf7 40. Rxb7+ Kg6 41.
Qe8+ Kf5 42. Rf7+ Kg4 43. Qd7+ 1-0

[Event "Midland Ch Forrest Cup"]
[Site "Derby"]
[Date "1990.03.24"]
[Round "2"]
[White "Ledger, Dave J"]
[Black "Jackson, Oliver A"]
[Result "1-0"]
[WhiteElo "2064"]
[BlackElo "2136"]
[PlyCount "105"]
[EventDate "1990.03.23"]
[EventType "swiss"]
[EventRounds "6"]
[EventCountry "ENG"]
[SourceTitle "BritBase"]
[Source "John Saunders"]
[SourceDate "2022.11.28"]
[SourceVersion "1"]
[SourceVersionDate "2022.08.23"]
[SourceQuality "1"]

1. e4 c5 2. Nc3 e6 3. g3 Nc6 4. Bg2 g6 5. d3 Bg7 6. Be3 d6 7. Qd2 Rb8 8. Nge2
b5 9. d4 Na5 10. dxc5 Nc4 11. Qd3 Nxb2 12. Qxd6 Qxd6 13. cxd6 b4 14. Bxa7 Rb7
15. Bc5 bxc3 16. e5 Rb8 17. f4 Bb7 18. Bxb7 Rxb7 19. Nxc3 f6 20. O-O fxe5 21.
fxe5 Nh6 22. Rab1 Bxe5 23. Ne4 Rf7 24. c3 Rxf1+ 25. Kxf1 O-O+ 26. Ke2 Na4 27.
Bb4 Rd8 28. c4 Nf5 29. c5 Nd4+ 30. Kd3 Nc6 31. a3 h6 32. Kc4 Rb8 33. Kb3 Ra8
34. Rf1 Nd4+ 35. Ka2 Kg7 36. Rc1 Nc6 37. Kb3 Bb2 38. Rf1 Bd4 39. Kc4 Rb8 40.
Rf3 Ne5+ 41. Kxd4 Nxf3+ 42. Kc4 Ne5+ 43. Kb3 Ra8 44. Nc3 Nxc3 45. Bxc3 Kf6 46.
g4 h5 47. h3 hxg4 48. hxg4 Kg5 49. Bxe5 Kxg4 50. d7 Kf5 51. Bd6 e5 52. c6 Ke6
53. Bxe5 {and the last two half-moves are recorded as 53...Ra2 Kb4} 1-0

[Event "Midland Ch Forrest Cup"]
[Site "Derby"]
[Date "1990.03.24"]
[Round "2"]
[White "Madden, Paul"]
[Black "Smith, Graham M"]
[Result "1-0"]
[WhiteElo "2152"]
[BlackElo "1968"]
[PlyCount "51"]
[EventDate "1990.03.23"]
[EventType "swiss"]
[EventRounds "6"]
[EventCountry "ENG"]
[SourceTitle "BritBase"]
[Source "John Saunders"]
[SourceDate "2022.11.28"]
[SourceVersion "1"]
[SourceVersionDate "2022.08.23"]
[SourceQuality "1"]

1. e4 Nf6 2. e5 Nd5 3. c4 Nb6 4. c5 Nd5 5. Nc3 e6 6. d4 Nxc3 7. bxc3 b6 8. cxb6
cxb6 9. f4 Bb7 10. Nf3 f5 11. exf6 Qxf6 12. Bd3 Nc6 13. O-O Be7 14. a4 O-O 15.
Bd2 Rac8 16. Qe2 Na5 17. Ne5 Rc7 18. f5 Bd5 19. fxe6 Qxe6 20. Rxf8+ Bxf8 21.
Rf1 g6 22. Rf7 Bg7 23. Qf2 $18 Nc6 24. Rxg7+ $1 Kxg7 25. Bh6+ Kxh6 26. Qf8+ {
Best game prize} 1-0

[Event "Midland Ch Forrest Cup"]
[Site "Derby"]
[Date "1990.03.24"]
[Round "2"]
[White "Naylor, John"]
[Black "Lawton, Geoffrey W"]
[Result "1/2-1/2"]
[WhiteElo "1968"]
[BlackElo "2440"]
[PlyCount "63"]
[EventDate "1990.03.23"]
[EventType "swiss"]
[EventRounds "6"]
[EventCountry "ENG"]
[SourceTitle "BritBase"]
[Source "John Saunders"]
[SourceDate "2022.11.28"]
[SourceVersion "1"]
[SourceVersionDate "2022.08.23"]
[SourceQuality "1"]

1. e4 c5 2. Nf3 Nc6 3. Bb5 g6 4. O-O Bg7 5. Re1 e5 6. Bxc6 bxc6 7. d3 Ne7 8.
Be3 d6 9. c3 Rb8 10. b3 f5 11. Bg5 h6 12. Bxe7 Qxe7 13. h3 O-O 14. Nbd2 Be6 15.
Qc2 Qc7 16. Rac1 d5 17. c4 d4 18. exf5 gxf5 19. Re2 Rbe8 20. Rce1 Bc8 21. Qc1
Qd6 22. Qa3 Re7 23. Qa5 Rfe8 24. a3 Kh7 25. b4 Re6 26. Qxc5 Qxc5 27. bxc5 Kg8
28. Nh4 R6e7 29. Ng6 Re6 30. Nh4 R6e7 31. Ng6 Re6 32. Nh4 1/2-1/2

[Event "Midland Ch Forrest Cup"]
[Site "Derby"]
[Date "1990.03.24"]
[Round "2"]
[White "Smith, Alan A"]
[Black "Robinson, John K"]
[Result "1-0"]
[WhiteElo "2248"]
[BlackElo "1928"]
[PlyCount "55"]
[EventDate "1990.03.23"]
[EventType "swiss"]
[EventRounds "6"]
[EventCountry "ENG"]
[SourceTitle "BritBase"]
[Source "John Saunders"]
[SourceDate "2022.11.28"]
[SourceVersion "1"]
[SourceVersionDate "2022.08.23"]
[SourceQuality "1"]

1. c4 e5 2. Nc3 Nc6 3. Nf3 f5 4. d4 e4 5. Bg5 Be7 6. Bxe7 Ncxe7 7. Nd2 Nf6 8.
e3 d5 9. cxd5 O-O 10. Bc4 Nexd5 11. Nxd5 Nxd5 12. Bxd5+ Qxd5 13. O-O b6 14. Qa4
Be6 15. Nb1 Rf7 16. Nc3 Qc4 17. Qxc4 Bxc4 18. Rfc1 Rd8 19. Nxe4 fxe4 20. Rxc4
h6 21. Rac1 c5 22. dxc5 bxc5 23. R4c2 Rd5 24. h3 Kh7 25. Re2 Kg6 26. Rc4 Kf5
27. Rec2 Rd1+ 28. Kh2 1-0

[Event "Midland Ch Forrest Cup"]
[Site "Derby"]
[Date "1990.03.24"]
[Round "2"]
[White "Thomas, Robert K"]
[Black "Hutchinson, Paul A"]
[Result "1/2-1/2"]
[WhiteElo "2016"]
[BlackElo "2200"]
[PlyCount "28"]
[EventDate "1990.03.23"]
[EventType "swiss"]
[EventRounds "6"]
[EventCountry "ENG"]
[SourceTitle "BritBase"]
[Source "John Saunders"]
[SourceDate "2022.11.28"]
[SourceVersion "1"]
[SourceVersionDate "2022.08.23"]
[SourceQuality "1"]

1. c4 Nf6 2. Nf3 e6 3. b3 d5 4. Bb2 c5 5. e3 Nc6 6. cxd5 exd5 7. Be2 d4 8. Bb5
Bd7 9. O-O dxe3 10. fxe3 Be7 11. Nh4 Qb6 12. Qe2 Bg4 13. Qc4 Be6 14. Qe2 Bg4
1/2-1/2

[Event "Midland Ch Forrest Cup"]
[Site "Derby"]
[Date "1990.03.24"]
[Round "2"]
[White "Walker, RG."]
[Black "Calderwood, Stephen I"]
[Result "1-0"]
[WhiteElo "1864"]
[BlackElo "1912"]
[PlyCount "61"]
[EventDate "1990.03.23"]
[EventType "swiss"]
[EventRounds "6"]
[EventCountry "ENG"]
[SourceTitle "BritBase"]
[Source "John Saunders"]
[SourceDate "2022.11.28"]
[SourceVersion "1"]
[SourceVersionDate "2022.08.23"]
[SourceQuality "1"]

1. e4 e6 2. d4 d5 3. Nd2 Nf6 4. e5 Nfd7 5. Bd3 c5 6. c3 Nc6 7. Ngf3 Qb6 8. O-O
cxd4 9. cxd4 Nxd4 10. Nxd4 Qxd4 11. Nf3 Qb6 12. Qa4 Qb4 13. Qc2 h6 14. Bd2 Qb6
15. Rac1 Qd8 16. Qa4 a6 17. Rc3 Rb8 18. Rfc1 b5 19. Qg4 Bb7 20. Rc7 h5 21.
Qxe6+ Be7 22. Ng5 fxe6 23. Bg6+ Kf8 24. Nxe6+ Kg8 25. Nxd8 Rxd8 26. Rxb7 Nxe5
27. Rxe7 Nxg6 28. Ra7 Kh7 29. Rcc7 Rhg8 30. Rxa6 Ne5 31. Rh6# 1-0

[Event "Midland Ch Forrest Cup"]
[Site "Derby"]
[Date "1990.03.24"]
[Round "3"]
[White "Barnes, Michael H"]
[Black "Eames, Robert S"]
[Result "0-1"]
[WhiteElo "2096"]
[BlackElo "2136"]
[PlyCount "90"]
[EventDate "1990.03.23"]
[EventType "swiss"]
[EventRounds "6"]
[EventCountry "ENG"]
[SourceTitle "BritBase"]
[Source "John Saunders"]
[SourceDate "2022.11.28"]
[SourceVersion "1"]
[SourceVersionDate "2022.08.23"]
[SourceQuality "1"]

1. d4 Nf6 2. Nf3 g6 3. Nc3 d5 4. Bf4 Bg7 5. e3 O-O 6. Be2 c5 7. dxc5 Qa5 8. O-O
Qxc5 9. Nd4 Nc6 10. Nb3 Qb6 11. a4 e5 12. Bg5 d4 13. exd4 exd4 14. Bxf6 Bxf6
15. Nd5 Qd8 16. Nxf6+ Qxf6 17. Bf3 Rd8 18. a5 Bf5 19. Ra4 d3 20. c3 Rab8 21.
Qd2 b5 22. Rf4 Ne5 23. Nd4 Nc4 24. Rxf5 gxf5 25. Qxd3 Ne5 26. Qe3 f4 27. Qe2 b4
28. Be4 bxc3 29. bxc3 Rbc8 30. Nf3 Nxf3+ 31. Qxf3 Rxc3 32. Qg4+ Kh8 33. Qh5 Qg7
34. Qh4 Re8 35. Qxf4 Ra3 36. Qd2 Ra1 37. g3 Rxf1+ 38. Kxf1 Qa1+ 39. Kg2 Rxe4
40. Qd8+ Kg7 41. Qg5+ Kf8 42. Qc5+ Re7 43. Qc8+ Re8 44. Qc5+ Kg8 45. Qg5+ Qg7
0-1

[Event "Midland Ch Forrest Cup"]
[Site "Derby"]
[Date "1990.03.24"]
[Round "3"]
[White "Birtwistle, Nigel"]
[Black "Stimpson, Paul"]
[Result "1-0"]
[WhiteElo "2136"]
[BlackElo "1752"]
[PlyCount "79"]
[EventDate "1990.03.23"]
[EventType "swiss"]
[EventRounds "6"]
[EventCountry "ENG"]
[SourceTitle "BritBase"]
[Source "John Saunders"]
[SourceDate "2022.11.28"]
[SourceVersion "1"]
[SourceVersionDate "2022.08.23"]
[SourceQuality "1"]

1. e4 e5 2. Nf3 Nc6 3. Bb5 a6 4. Ba4 Nf6 5. O-O b5 6. Bb3 Be7 7. Qe2 d6 8. h3
O-O 9. c3 Na5 10. Bc2 c5 11. d3 Bd7 12. Rd1 Qc7 13. Nbd2 Ne8 14. a4 Rb8 15.
axb5 axb5 16. Nf1 g6 17. Bh6 Ng7 18. Ne3 Bc6 19. d4 exd4 20. cxd4 Nb7 21. Qd2
Rfd8 22. dxc5 Nxc5 23. Qc3 Ne8 24. b4 Nxe4 25. Qd3 N4f6 26. Ng5 d5 27. Qd4 Ra8
28. Rac1 Qb7 29. Bb3 Ra3 30. Rd3 Raa8 31. Re1 Qa7 32. Qh4 Ne4 33. Nxd5 Bxd5 34.
Bxd5 Nxg5 35. Bxg5 Bxg5 36. Qxg5 Kf8 37. Rde3 Rab8 38. Re7 Rd7 39. Rxe8+ Rxe8
40. Qh6+ 1-0